[Event "DEM U10 2024"]
[Site "Willingen GER"]
[Date "2024.05.19"]
[Round "1"]
[White "Cremann, Jannis"]
[Black "Köbel, John"]
[Result "1-0"]
[Termination "normal"]
[Board "22"]
[WhiteElo "1633"]
[BlackElo "1110"]
[WhiteClock "01:09:21"]
[BlackClock "00:49:50"]
[PlyCount "45"]
[WhiteFideId "34660178"]
[BlackFideId "34641394"]
[EventCountry "GER"]
[EventRounds "11"]
[EventType "swiss"]
[EventDate "2024.05.18"]

1. e4 {[%clk 01:15:57]} {[%emt 00:00:02]} c5 {[%clk 01:15:55]} {[%emt
00:00:07]} 2. Nf3 {[%clk 01:16:15]} {[%emt 00:00:12]} e6 {[%clk 01:16:12]}
{[%emt 00:00:13]} 3. d4 {[%clk 01:16:22]} {[%emt 00:00:22]} cxd4 {[%clk
01:16:37]} {[%emt 00:00:06]} 4. Nxd4 {[%clk 01:16:37]} {[%emt 00:00:14]} Nc6
{[%clk 01:16:57]} {[%emt 00:00:10]} 5. Nc3 {[%clk 01:16:28]} {[%emt 00:00:38]}
a6 {[%clk 01:16:57]} {[%emt 00:00:32]} 6. Be3 {[%clk 01:16:41]} {[%emt
00:00:17]} Qc7 {[%clk 01:16:44]} {[%emt 00:00:43]} 7. Be2 {[%clk 01:16:22]}
{[%emt 00:00:48]} Nf6 {[%clk 01:15:17]} {[%emt 00:01:57]} 8. O-O {[%clk
01:15:59]} {[%emt 00:00:53]} b6 {[%clk 01:14:42]} {[%emt 00:01:05]} 9. f4
{[%clk 01:15:00]} {[%emt 00:01:28]} d6 {[%clk 01:12:51]} {[%emt 00:02:23]} 10.
Bf3 {[%clk 01:14:51]} {[%emt 00:00:38]} Bb7 {[%clk 01:12:51]} {[%emt 00:00:30]}
11. Qe2 {[%clk 01:13:25]} {[%emt 00:01:50]} Be7 {[%clk 01:08:18]} {[%emt
00:05:10]} 12. Qf2 {[%clk 01:13:12]} {[%emt 00:00:41]} Nd7 {[%clk 01:05:20]}
{[%emt 00:03:29]} 13. Qg3 {[%clk 01:12:41]} {[%emt 00:01:00]} Bf6 {[%clk
01:01:54]} {[%emt 00:03:57]} 14. Rad1 {[%clk 01:12:04]} {[%emt 00:01:07]} O-O
{[%clk 00:49:37]} {[%emt 00:12:45]} 15. f5 {[%clk 01:11:09]} {[%emt 00:01:27]}
e5 {[%clk 00:49:25]} {[%emt 00:00:43]} 16. Nd5 {[%clk 01:10:12]} {[%emt
00:01:27]} Qd8 {[%clk 00:49:31]} {[%emt 00:00:24]} 17. Nxf6+ {[%clk 01:10:29]}
{[%emt 00:00:12]} Qxf6 {[%clk 00:49:46]} {[%emt 00:00:14]} 18. Bg5 {[%clk
01:10:41]} {[%emt 00:00:19]} Qxg5 {[%clk 00:48:45]} {[%emt 00:01:11]} 19. Qxg5
{[%clk 01:11:00]} {[%emt 00:00:31]} exd4 {[%clk 00:49:05]} {[%emt 00:00:11]}
20. Bh5 {[%clk 01:10:42]} {[%emt 00:00:46]} Nf6 {[%clk 00:49:24]} {[%emt
00:00:13]} 21. Qh4 {[%clk 01:08:56]} {[%emt 00:02:14]} Nxh5 {[%clk 00:49:45]}
{[%emt 00:00:10]} 22. Qxh5 {[%clk 01:09:12]} {[%emt 00:00:14]} Rfe8 {[%clk
00:49:50]} {[%emt 00:00:25]} 23. f6 {[%clk 01:09:21]} {[%emt 00:00:21]} 1-0

[Event "DEM U10 2024"]
[Site "Willingen GER"]
[Date "2024.05.19"]
[Round "1"]
[White "Egert, Niilo"]
[Black "Al Luwaisi, Omer"]
[Result "0-1"]
[Termination "normal"]
[Board "23"]
[WhiteElo "1105"]
[BlackElo "1660"]
[WhiteClock "01:01:36"]
[BlackClock "00:13:50"]
[PlyCount "130"]
[WhiteFideId "533001774"]
[BlackFideId "34645888"]
[EventCountry "GER"]
[EventRounds "11"]
[EventType "swiss"]
[EventDate "2024.05.18"]

1. e4 {[%clk 01:15:57]} {[%emt 00:00:02]} c6 {[%clk 01:15:57]} {[%emt
00:00:04]} 2. Nc3 {[%clk 01:15:23]} {[%emt 00:01:03]} d5 {[%clk 01:16:22]}
{[%emt 00:00:06]} 3. Nf3 {[%clk 01:13:05]} {[%emt 00:02:47]} dxe4 {[%clk
01:16:47]} {[%emt 00:00:06]} 4. Nxe4 {[%clk 01:13:18]} {[%emt 00:00:16]} Nf6
{[%clk 01:17:15]} {[%emt 00:00:03]} 5. Nxf6+ {[%clk 01:13:19]} {[%emt
00:00:29]} exf6 {[%clk 01:17:33]} {[%emt 00:00:12]} 6. Bc4 {[%clk 01:13:14]}
{[%emt 00:00:33]} Be7 {[%clk 01:15:17]} {[%emt 00:02:47]} 7. O-O {[%clk
01:13:05]} {[%emt 00:00:40]} O-O {[%clk 01:15:42]} {[%emt 00:00:05]} 8. d4
{[%clk 01:12:50]} {[%emt 00:00:45]} Bg4 {[%clk 01:16:01]} {[%emt 00:00:10]} 9.
h3 {[%clk 01:13:00]} {[%emt 00:00:20]} Bxf3 {[%clk 01:16:22]} {[%emt 00:00:09]}
10. Qxf3 {[%clk 01:13:05]} {[%emt 00:00:24]} Qxd4 {[%emt 00:00:47]} 11. Bb3
{[%clk 01:12:02]} {[%emt 00:01:33]} Qb6 {[%clk 01:05:47]} {[%emt 00:10:49]} 12.
Qg3 {[%clk 01:11:22]} {[%emt 00:01:11]} Kh8 {[%clk 01:03:55]} {[%emt 00:02:22]}
13. Be3 {[%clk 01:07:26]} {[%emt 00:04:25]} Bc5 {[%clk 01:02:30]} {[%emt
00:01:57]} 14. Bxc5 {[%clk 01:06:28]} {[%emt 00:01:27]} Qxc5 {[%clk 01:02:50]}
{[%emt 00:00:09]} 15. Qc7 {[%clk 01:05:45]} {[%emt 00:01:13]} Qb6 {[%clk
01:01:50]} {[%emt 00:01:31]} 16. Qe7 {[%clk 01:06:02]} {[%emt 00:00:12]} Kg8
{[%clk 00:47:08]} {[%emt 00:15:12]} 17. Rfe1 {[%clk 01:05:05]} {[%emt
00:01:27]} Na6 {[%clk 00:44:03]} {[%emt 00:03:35]} 18. Qd7 {[%clk 01:03:04]}
{[%emt 00:02:31]} Nc5 {[%emt 00:02:26]} 19. Qd2 {[%clk 01:01:25]} Rad8 {[%clk
00:44:04]} {[%emt 00:00:43]} 20. Qc3 {[%clk 01:01:09]} {[%emt 00:00:45]} Nxb3
{[%clk 00:42:29]} {[%emt 00:02:06]} 21. axb3 {[%clk 01:01:09]} {[%emt
00:00:29]} Rd7 {[%clk 00:40:26]} {[%emt 00:02:33]} 22. Re2 {[%clk 01:00:41]}
{[%emt 00:00:58]} a6 {[%clk 00:38:34]} {[%emt 00:02:19]} 23. Rae1 {[%clk
01:00:58]} {[%emt 00:00:16]} Qd8 {[%clk 00:38:53]} {[%emt 00:00:12]} 24. Kh2
{[%clk 01:00:59]} {[%emt 00:00:28]} h6 {[%clk 00:39:03]} {[%emt 00:00:19]} 25.
Qb4 {[%clk 00:59:52]} {[%emt 00:01:38]} Qc7+ {[%clk 00:38:03]} {[%emt
00:01:30]} 26. g3 {[%clk 01:00:05]} {[%emt 00:00:17]} c5 {[%clk 00:36:48]}
{[%emt 00:01:46]} 27. Qg4 {[%clk 00:59:23]} {[%emt 00:01:11]} Rd4 {[%clk
00:33:02]} {[%emt 00:04:17]} 28. Qf5 {[%clk 00:59:19]} {[%emt 00:00:33]} Qc8
{[%clk 00:31:53]} {[%emt 00:01:36]} 29. Qf3 {[%clk 00:59:17]} {[%emt 00:00:35]}
Rfd8 {[%clk 00:30:42]} {[%emt 00:01:42]} 30. Qc3 {[%clk 00:59:18]} {[%emt
00:00:29]} Rd1 {[%clk 00:24:54]} {[%emt 00:06:16]} 31. Kg2 {[%clk 00:58:28]}
{[%emt 00:01:21]} Qc6+ {[%clk 00:22:52]} {[%emt 00:02:32]} 32. Kg1 {[%clk
00:58:09]} {[%emt 00:00:48]} Rxe1+ {[%clk 00:21:43]} {[%emt 00:01:40]} 33. Rxe1
{[%clk 00:58:12]} {[%emt 00:00:27]} Kf8 {[%clk 00:21:42]} {[%emt 00:00:29]} 34.
b4 {[%clk 00:57:51]} {[%emt 00:00:53]} c4 {[%clk 00:13:38]} {[%emt 00:08:34]}
35. Qa3 {[%clk 00:58:06]} {[%emt 00:00:16]} b5 {[%clk 00:12:21]} {[%emt
00:01:48]} 36. b3 {[%clk 00:58:11]} {[%emt 00:00:24]} cxb3 {[%clk 00:12:28]}
{[%emt 00:00:23]} 37. Qxb3 {[%clk 00:58:31]} {[%emt 00:00:10]} Rc8 {[%clk
00:11:14]} {[%emt 00:01:45]} 38. Qa3 {[%clk 00:57:25]} {[%emt 00:01:34]} Qc3
{[%clk 00:11:34]} {[%emt 00:00:10]} 39. Qxc3 {[%clk 00:56:43]} {[%emt
00:01:12]} Rxc3 {[%clk 00:11:56]} {[%emt 00:00:08]} 40. Rc1 {[%clk 00:57:07]}
{[%emt 00:00:06]} Ke7 {[%clk 00:11:16]} {[%emt 00:01:10]} 41. Kf1 {[%clk
00:57:20]} {[%emt 00:00:18]} Kd6 {[%clk 00:11:17]} {[%emt 00:00:27]} 42. Ke2
{[%clk 00:57:41]} {[%emt 00:00:10]} Kd5 {[%clk 00:11:36]} {[%emt 00:00:12]} 43.
Kd2 {[%clk 00:57:35]} {[%emt 00:00:36]} Kc4 {[%clk 00:11:58]} {[%emt 00:00:08]}
44. Rb1 {[%clk 00:57:53]} {[%emt 00:00:11]} Rf3 {[%clk 00:11:57]} {[%emt
00:00:32]} 45. Ke2 {[%clk 00:58:01]} {[%emt 00:00:22]} Rc3 {[%clk 00:09:59]}
{[%emt 00:02:28]} 46. Kd2 {[%clk 00:58:21]} {[%emt 00:00:09]} Ra3 {[%clk
00:10:23]} {[%emt 00:00:06]} 47. Rc1 {[%clk 00:56:31]} {[%emt 00:02:21]} Kxb4
{[%clk 00:10:31]} {[%emt 00:00:21]} 48. c3+ {[%clk 00:56:56]} {[%emt 00:00:06]}
Kc4 {[%clk 00:10:52]} {[%emt 00:00:09]} 49. Rc2 {[%clk 00:57:04]} {[%emt
00:00:22]} Ra1 {[%clk 00:11:07]} {[%emt 00:00:15]} 50. h4 {[%clk 00:57:21]}
{[%emt 00:00:13]} Rf1 {[%clk 00:11:28]} {[%emt 00:00:09]} 51. Ke2 {[%clk
00:57:41]} {[%emt 00:00:10]} Kb3 {[%clk 00:10:23]} {[%emt 00:01:34]} 52. Rd2
{[%clk 00:58:00]} {[%emt 00:00:12]} Rc1 {[%emt 00:00:09]} 53. Rd7 {[%clk
00:58:20]} {[%emt 00:00:08]} Rxc3 {[%clk 00:11:00]} {[%emt 00:00:16]} 54. Rxf7
{[%clk 00:58:40]} {[%emt 00:00:10]} a5 {[%clk 00:11:25]} {[%emt 00:00:05]} 55.
Rxg7 {[%clk 00:59:01]} {[%emt 00:00:09]} a4 {[%clk 00:11:46]} {[%emt 00:00:08]}
56. Rg6 {[%clk 00:59:22]} {[%emt 00:00:09]} Rc6 {[%clk 00:11:28]} {[%emt
00:00:48]} 57. Rxh6 {[%clk 00:59:43]} {[%emt 00:00:09]} a3 {[%clk 00:11:53]}
{[%emt 00:00:05]} 58. Rg6 {[%clk 01:00:07]} {[%emt 00:00:07]} a2 {[%clk
00:12:17]} {[%emt 00:00:06]} 59. h5 {[%clk 01:00:32]} {[%emt 00:00:04]} a1=Q
{[%emt 00:00:07]} 60. h6 {[%clk 01:00:42]} {[%emt 00:00:18]} Rc2+ {[%clk
00:13:07]} {[%emt 00:00:05]} 61. Kf3 {[%clk 01:00:36]} {[%emt 00:00:35]} Qh1
{[%clk 00:13:26]} {[%emt 00:00:12]} 62. Ke3 {[%clk 01:00:55]} {[%emt 00:00:11]}
Rc3 {[%clk 00:13:31]} {[%emt 00:00:25]} 63. Kd4 {[%clk 01:00:58]} {[%emt
00:00:26]} Qd1+ {[%clk 00:13:48]} {[%emt 00:00:13]} 64. Ke4 {[%clk 01:01:17]}
{[%emt 00:00:09]} Qd3+ {[%clk 00:13:50]} {[%emt 00:00:30]} 65. Kf4 {[%clk
01:01:36]} {[%emt 00:00:12]} Rc4# {[%emt 00:00:24]} 0-1

[Event "DEM U10 2024"]
[Site "Willingen GER"]
[Date "2024.05.19"]
[Round "1"]
[White "Sander, Tino"]
[Black "Dintinger, Ata Lucien"]
[Result "1-0"]
[Termination "normal"]
[Board "24"]
[WhiteElo "1724"]
[BlackElo "1096"]
[WhiteClock "00:54:29"]
[BlackClock "00:40:11"]
[PlyCount "89"]
[WhiteFideId "34636110"]
[BlackFideId "34654550"]
[EventCountry "GER"]
[EventRounds "11"]
[EventType "swiss"]
[EventDate "2024.05.18"]

1. e4 {[%clk 01:15:59]} e5 {[%clk 01:15:59]} {[%emt 00:00:02]} 2. Nf3 {[%clk
01:16:19]} {[%emt 00:00:09]} Nc6 {[%clk 01:16:27]} {[%emt 00:00:02]} 3. Bc4
{[%clk 01:16:38]} {[%emt 00:00:11]} Nf6 {[%clk 01:16:49]} {[%emt 00:00:08]} 4.
Ng5 {[%clk 01:17:00]} {[%emt 00:00:08]} d5 {[%clk 01:17:12]} {[%emt 00:00:07]}
5. exd5 {[%clk 01:17:21]} {[%emt 00:00:10]} b5 {[%clk 01:17:33]} {[%emt
00:00:09]} 6. Bf1 {[%clk 01:17:39]} {[%emt 00:00:11]} Qxd5 {[%clk 01:17:55]}
{[%emt 00:00:08]} 7. Nc3 {[%clk 01:18:00]} {[%emt 00:00:08]} Qc5 {[%clk
01:15:00]} {[%emt 00:03:26]} 8. Bxb5 {[%emt 00:06:13]} Be7 {[%clk 01:15:02]}
{[%emt 00:00:26]} 9. d3 {[%clk 01:10:08]} {[%emt 00:02:41]} Bd7 {[%clk
01:15:14]} {[%emt 00:00:18]} 10. Be3 {[%clk 01:09:36]} {[%emt 00:01:02]} Qd6
{[%clk 01:14:21]} {[%emt 00:01:24]} 11. Nge4 {[%clk 01:08:39]} {[%emt
00:01:26]} Nxe4 {[%clk 01:14:32]} {[%emt 00:00:19]} 12. dxe4 {[%clk 01:09:01]}
{[%emt 00:00:09]} O-O {[%clk 01:13:44]} {[%emt 00:01:12]} 13. Qxd6 {[%clk
01:08:35]} {[%emt 00:01:01]} Bxd6 {[%clk 01:13:58]} {[%emt 00:00:17]} 14. O-O-O
{[%clk 01:08:26]} {[%emt 00:00:38]} a6 {[%clk 01:09:41]} {[%emt 00:04:47]} 15.
Bc4 {[%clk 01:06:26]} {[%emt 00:02:29]} Ne7 {[%clk 01:02:19]} {[%emt 00:07:53]}
16. Nd5 {[%clk 01:05:29]} {[%emt 00:01:27]} Nxd5 {[%clk 01:02:12]} {[%emt
00:00:37]} 17. Bxd5 {[%clk 01:05:12]} {[%emt 00:00:46]} Rab8 {[%clk 00:59:53]}
{[%emt 00:02:51]} 18. c4 {[%clk 01:04:12]} {[%emt 00:01:29]} Be7 {[%clk
00:58:37]} {[%emt 00:01:44]} 19. Bxf7+ {[%clk 01:02:24]} {[%emt 00:02:20]} Rxf7
{[%clk 00:58:29]} {[%emt 00:00:37]} 20. Rxd7 {[%clk 01:02:52]} {[%emt
00:00:03]} Rb4 {[%clk 00:56:30]} {[%emt 00:02:29]} 21. Rxc7 {[%clk 01:02:41]}
{[%emt 00:00:41]} Bf6 {[%clk 00:47:02]} {[%emt 00:09:57]} 22. Rc8+ {[%clk
00:58:08]} {[%emt 00:05:02]} Rf8 {[%clk 00:43:08]} {[%emt 00:04:25]} 23. Rxf8+
{[%clk 00:58:27]} {[%emt 00:00:11]} Kxf8 {[%clk 00:43:31]} {[%emt 00:00:07]}
24. Bc5+ {[%clk 00:58:37]} {[%emt 00:00:20]} Be7 {[%clk 00:43:02]} {[%emt
00:01:00]} 25. Bxb4 {[%clk 00:59:00]} {[%emt 00:00:07]} Bxb4 {[%clk 00:43:26]}
{[%emt 00:00:06]} 26. a3 {[%clk 00:58:38]} {[%emt 00:00:52]} Bc5 {[%clk
00:43:41]} {[%emt 00:00:15]} 27. f3 {[%clk 00:59:04]} {[%emt 00:00:04]} Bd4
{[%clk 00:43:56]} {[%emt 00:00:14]} 28. b4 {[%clk 00:59:26]} {[%emt 00:00:08]}
Ke7 {[%clk 00:43:39]} {[%emt 00:00:48]} 29. Rd1 {[%clk 00:58:37]} {[%emt
00:01:19]} Kd6 {[%clk 00:42:28]} {[%emt 00:01:41]} 30. Kc2 {[%clk 00:58:51]}
{[%emt 00:00:16]} Kc6 {[%clk 00:42:47]} {[%emt 00:00:10]} 31. Kb3 {[%clk
00:59:19]} {[%emt 00:00:03]} Kb6 {[%clk 00:40:41]} {[%emt 00:02:35]} 32. c5+
{[%clk 00:58:30]} {[%emt 00:01:20]} Kb5 {[%clk 00:38:26]} {[%emt 00:02:45]} 33.
a4+ {[%clk 00:58:16]} {[%emt 00:00:45]} Kc6 {[%clk 00:38:38]} {[%emt 00:00:17]}
34. Kc4 {[%clk 00:52:25]} {[%emt 00:06:22]} h6 {[%clk 00:38:03]} {[%emt
00:00:53]} 35. b5+ {[%clk 00:51:41]} {[%emt 00:01:25]} axb5+ {[%clk 00:38:24]}
{[%emt 00:00:08]} 36. axb5+ {[%clk 00:52:05]} {[%emt 00:00:06]} Kb7 {[%clk
00:37:35]} {[%emt 00:01:18]} 37. Rxd4 {[%clk 00:52:12]} {[%emt 00:00:24]} exd4
{[%clk 00:37:55]} {[%emt 00:00:10]} 38. Kxd4 {[%clk 00:52:35]} {[%emt
00:00:07]} g5 {[%clk 00:38:18]} {[%emt 00:00:07]} 39. c6+ {[%clk 00:52:52]}
{[%emt 00:00:13]} Kb6 {[%clk 00:38:47]} {[%emt 00:00:01]} 40. Kd5 {[%clk
00:52:59]} {[%emt 00:00:24]} Kc7 {[%clk 00:39:15]} {[%emt 00:00:01]} 41. Kc5
{[%clk 00:53:16]} {[%emt 00:00:12]} h5 {[%clk 00:39:28]} {[%emt 00:00:06]} 42.
b6+ {[%clk 00:53:44]} {[%emt 00:00:14]} Kc8 {[%clk 00:39:51]} {[%emt 00:00:07]}
43. Kd6 {[%clk 00:53:47]} {[%emt 00:00:27]} Kb8 {[%clk 00:39:54]} {[%emt
00:00:27]} 44. c7+ {[%clk 00:54:01]} {[%emt 00:00:16]} Kc8 {[%clk 00:40:11]}
{[%emt 00:00:08]} 45. Kc6 {[%clk 00:54:29]} {[%emt 00:00:07]} 1-0

[Event "DEM U10 2024"]
[Site "Willingen GER"]
[Date "2024.05.19"]
[Round "1"]
[White "Romberg, Moritz"]
[Black "Stojanoski, Stefan"]
[Result "0-1"]
[Termination "normal"]
[Board "25"]
[WhiteElo "1054"]
[BlackElo "1638"]
[WhiteClock "01:15:00"]
[BlackClock "00:55:08"]
[PlyCount "70"]
[WhiteFideId "34676600"]
[BlackFideId "34632948"]
[EventCountry "GER"]
[EventRounds "11"]
[EventType "swiss"]
[EventDate "2024.05.18"]

1. e4 {[%clk 01:15:58]} {[%emt 00:00:01]} e5 {[%clk 01:15:54]} {[%emt
00:00:06]} 2. Nf3 {[%clk 01:16:24]} {[%emt 00:00:05]} Nc6 {[%clk 01:16:18]}
{[%emt 00:00:07]} 3. Bc4 {[%clk 01:16:49]} {[%emt 00:00:04]} Bc5 {[%clk
01:16:44]} {[%emt 00:00:04]} 4. d3 {[%clk 01:17:11]} {[%emt 00:00:07]} d6
{[%clk 01:16:54]} {[%emt 00:00:21]} 5. h3 {[%clk 01:17:34]} {[%emt 00:00:06]}
h6 {[%clk 01:17:14]} {[%emt 00:00:10]} 6. Nc3 {[%clk 01:17:49]} {[%emt
00:00:16]} Nf6 {[%clk 01:17:37]} {[%emt 00:00:07]} 7. O-O {[%clk 01:18:03]}
{[%emt 00:00:16]} O-O {[%clk 01:17:53]} {[%emt 00:00:14]} 8. Be3 {[%clk
01:18:20]} {[%emt 00:00:13]} Bb6 {[%clk 01:18:19]} {[%emt 00:00:04]} 9. Bxb6
{[%clk 01:18:21]} {[%emt 00:00:29]} axb6 {[%clk 01:18:45]} {[%emt 00:00:04]}
10. Qe2 {[%clk 01:18:26]} {[%emt 00:00:25]} Be6 {[%clk 01:18:25]} {[%emt
00:00:50]} 11. d4 {[%clk 01:18:10]} {[%emt 00:00:45]} exd4 {[%clk 01:18:18]}
{[%emt 00:00:37]} 12. Bxe6 {[%clk 01:18:26]} {[%emt 00:00:15]} fxe6 {[%clk
01:17:51]} {[%emt 00:00:56]} 13. Nb5 {[%clk 01:18:32]} {[%emt 00:00:25]} e5
{[%clk 01:17:55]} {[%emt 00:00:26]} 14. Nh4 {[%clk 01:18:30]} {[%emt 00:00:31]}
Ne7 {[%clk 01:16:08]} {[%emt 00:02:18]} 15. c4 {[%clk 01:18:19]} {[%emt
00:00:40]} c6 {[%clk 01:15:59]} {[%emt 00:00:40]} 16. Na3 {[%clk 01:18:06]}
{[%emt 00:00:42]} Qe8 {[%clk 01:10:03]} {[%emt 00:06:27]} 17. f4 {[%clk
01:17:42]} {[%emt 00:00:54]} exf4 {[%clk 01:09:39]} {[%emt 00:00:54]} 18. Rxf4
{[%clk 01:17:54]} {[%emt 00:00:17]} g5 {[%clk 01:09:22]} {[%emt 00:00:47]} 19.
Rg4 {[%clk 01:17:17]} {[%emt 00:01:07]} Nxg4 {[%clk 01:08:49]} {[%emt
00:01:03]} 20. Qxg4 {[%clk 01:17:37]} {[%emt 00:00:09]} Qf7 {[%clk 01:08:44]}
{[%emt 00:00:36]} 21. Nf3 {[%clk 01:17:36]} {[%emt 00:00:31]} Qf6 {[%clk
01:08:06]} {[%emt 00:01:07]} 22. Nc2 {[%clk 01:17:33]} {[%emt 00:00:35]} Ng6
{[%clk 01:00:29]} {[%emt 00:08:06]} 23. Ncxd4 {[%clk 01:15:16]} {[%emt
00:02:45]} Ne5 {[%emt 00:00:41]} 24. Nxe5 {[%clk 01:15:05]} {[%emt 00:00:39]}
Qxe5 {[%clk 00:58:51]} {[%emt 00:02:01]} 25. Qe6+ {[%clk 01:14:40]} {[%emt
00:00:56]} Qxe6 {[%clk 00:59:02]} {[%emt 00:00:17]} 26. Nxe6 {[%clk 01:14:58]}
{[%emt 00:00:14]} Rf6 {[%clk 00:59:17]} {[%emt 00:00:14]} 27. Nd4 {[%clk
01:15:01]} {[%emt 00:00:26]} Rf4 {[%clk 00:59:17]} {[%emt 00:00:29]} 28. Re1
{[%clk 01:14:59]} {[%emt 00:00:34]} d5 {[%clk 00:56:14]} {[%emt 00:03:34]} 29.
cxd5 {[%clk 01:14:23]} {[%emt 00:01:05]} cxd5 {[%clk 00:56:30]} {[%emt
00:00:14]} 30. a3 {[%clk 01:14:36]} {[%emt 00:00:18]} Rxe4 {[%clk 00:56:14]}
{[%emt 00:00:46]} 31. Rd1 {[%clk 01:14:58]} {[%emt 00:00:08]} Rae8 {[%clk
00:56:13]} {[%emt 00:00:28]} 32. Kf2 {[%clk 01:15:02]} {[%emt 00:00:29]} Rf8+
{[%clk 00:56:18]} {[%emt 00:00:25]} 33. Kg3 {[%clk 01:15:11]} {[%emt 00:00:19]}
h5 {[%clk 00:55:58]} {[%emt 00:00:50]} 34. h4 {[%clk 01:15:27]} {[%emt
00:00:15]} gxh4+ {[%clk 00:56:19]} {[%emt 00:00:09]} 35. Kh2 {[%clk 01:15:00]}
{[%emt 00:00:56]} Rff4 {[%clk 00:55:08]} {[%emt 00:01:41]} 0-1

[Event "DEM U10 2024"]
[Site "Willingen GER"]
[Date "2024.05.19"]
[Round "1"]
[White "Kjulbassanoff, Kilian"]
[Black "Seegebrecht, Johann"]
[Result "1-0"]
[Termination "normal"]
[Board "26"]
[WhiteElo "1411"]
[BlackElo "1421"]
[WhiteClock "00:42:56"]
[BlackClock "00:27:52"]
[PlyCount "97"]
[WhiteFideId "533001804"]
[BlackFideId "34655115"]
[EventCountry "GER"]
[EventRounds "11"]
[EventType "swiss"]
[EventDate "2024.05.18"]

1. d4 {[%clk 01:15:58]} {[%emt 00:00:01]} g6 {[%clk 01:15:56]} {[%emt
00:00:04]} 2. e4 {[%clk 01:15:58]} {[%emt 00:00:30]} Bg7 {[%clk 01:16:12]}
{[%emt 00:00:13]} 3. f4 {[%clk 01:15:53]} {[%emt 00:00:37]} d6 {[%clk
01:12:27]} {[%emt 00:04:15]} 4. Nf3 {[%clk 01:13:30]} {[%emt 00:02:52]} Nd7
{[%clk 01:10:00]} {[%emt 00:02:57]} 5. Nc3 {[%clk 01:10:26]} {[%emt 00:03:35]}
e6 {[%clk 01:06:38]} {[%emt 00:03:52]} 6. Bd3 {[%emt 00:01:55]} Ne7 {[%clk
01:04:37]} {[%emt 00:02:29]} 7. Bd2 {[%clk 01:08:07]} {[%emt 00:01:25]} O-O
{[%clk 01:03:56]} {[%emt 00:01:11]} 8. O-O {[%clk 01:07:46]} {[%emt 00:00:51]}
a6 {[%clk 01:03:05]} {[%emt 00:01:21]} 9. Ne2 {[%clk 00:57:52]} {[%emt
00:10:24]} f5 {[%clk 01:00:04]} {[%emt 00:03:31]} 10. e5 {[%clk 00:55:56]}
{[%emt 00:02:27]} dxe5 {[%clk 00:59:33]} {[%emt 00:01:00]} 11. dxe5 {[%clk
00:55:55]} {[%emt 00:00:30]} c6 {[%clk 00:59:51]} {[%emt 00:00:13]} 12. Be3
{[%clk 00:54:42]} {[%emt 00:01:43]} Nd5 {[%clk 00:58:42]} {[%emt 00:01:39]} 13.
Bf2 {[%clk 00:51:30]} {[%emt 00:03:42]} Bh6 {[%clk 00:55:10]} {[%emt 00:04:02]}
14. g3 {[%clk 00:47:31]} {[%emt 00:04:28]} g5 {[%clk 00:39:51]} {[%emt
00:15:50]} 15. Qd2 {[%clk 00:45:59]} {[%emt 00:02:02]} gxf4 {[%clk 00:39:53]}
{[%emt 00:00:28]} 16. gxf4 {[%clk 00:45:50]} {[%emt 00:00:38]} Kh8 {[%clk
00:39:11]} {[%emt 00:01:13]} 17. Kh1 {[%clk 00:45:47]} {[%emt 00:00:31]} Qc7
{[%clk 00:38:31]} {[%emt 00:01:12]} 18. Be3 {[%clk 00:45:16]} {[%emt 00:01:02]}
Nxe3 {[%clk 00:37:35]} {[%emt 00:01:26]} 19. Qxe3 {[%clk 00:45:40]} {[%emt
00:00:04]} Rg8 {[%clk 00:37:40]} {[%emt 00:00:26]} 20. Rg1 {[%clk 00:45:31]}
{[%emt 00:00:40]} b5 {[%clk 00:29:43]} {[%emt 00:08:26]} 21. Rxg8+ {[%clk
00:44:09]} {[%emt 00:01:52]} Kxg8 {[%clk 00:28:42]} {[%emt 00:01:30]} 22. Qg1+
{[%clk 00:43:46]} {[%emt 00:00:54]} Bg7 {[%clk 00:27:37]} {[%emt 00:01:36]} 23.
Ng3 {[%clk 00:38:08]} {[%emt 00:06:07]} Bb7 {[%clk 00:25:10]} {[%emt 00:02:57]}
24. Nh5 {[%clk 00:38:18]} {[%emt 00:00:20]} Nc5 {[%clk 00:25:30]} {[%emt
00:00:10]} 25. Nxg7 {[%clk 00:37:29]} {[%emt 00:01:19]} Qxg7 {[%clk 00:25:54]}
{[%emt 00:00:06]} 26. Qxg7+ {[%clk 00:37:36]} {[%emt 00:00:23]} Kxg7 {[%clk
00:26:11]} {[%emt 00:00:14]} 27. Rg1+ {[%clk 00:37:53]} {[%emt 00:00:13]} Kf7
{[%clk 00:26:32]} {[%emt 00:00:08]} 28. Ng5+ {[%clk 00:37:29]} {[%emt
00:00:54]} Ke7 {[%clk 00:26:48]} {[%emt 00:00:14]} 29. Nxh7 {[%clk 00:37:01]}
{[%emt 00:00:58]} Rh8 {[%clk 00:25:59]} {[%emt 00:01:19]} 30. Rg7+ {[%clk
00:37:11]} {[%emt 00:00:20]} Kd8 {[%clk 00:26:01]} {[%emt 00:00:27]} 31. Nf6
{[%clk 00:37:07]} {[%emt 00:00:35]} Kc8 {[%clk 00:25:30]} {[%emt 00:01:01]} 32.
Rg8+ {[%emt 00:00:38]} Rxg8 {[%clk 00:25:25]} {[%emt 00:00:33]} 33. Nxg8 {[%emt
00:00:03]} Nxd3 {[%clk 00:25:37]} {[%emt 00:00:16]} 34. cxd3 {[%clk 00:37:58]}
{[%emt 00:00:01]} c5+ {[%clk 00:25:51]} {[%emt 00:00:17]} 35. Kg1 {[%clk
00:38:23]} {[%emt 00:00:05]} Bd5 {[%clk 00:25:52]} {[%emt 00:00:29]} 36. Ne7+
{[%emt 00:00:24]} Kd7 {[%clk 00:26:09]} {[%emt 00:00:10]} 37. Nxd5 {[%clk
00:38:59]} {[%emt 00:00:03]} exd5 {[%clk 00:26:24]} {[%emt 00:00:14]} 38. Kf2
{[%clk 00:39:16]} {[%emt 00:00:14]} c4 {[%clk 00:26:47]} {[%emt 00:00:08]} 39.
dxc4 {[%clk 00:39:26]} {[%emt 00:00:20]} bxc4 {[%clk 00:27:11]} {[%emt
00:00:06]} 40. Ke3 {[%clk 00:39:37]} {[%emt 00:00:19]} Ke6 {[%clk 00:26:33]}
{[%emt 00:01:07]} 41. Kd4 {[%clk 00:40:01]} {[%emt 00:00:06]} a5 {[%emt
00:00:34]} 42. a4 {[%clk 00:40:13]} Ke7 {[%clk 00:26:58]} {[%emt 00:00:19]} 43.
Kxd5 {[%clk 00:40:35]} {[%emt 00:00:08]} c3 {[%clk 00:27:23]} {[%emt 00:00:06]}
44. bxc3 {[%clk 00:40:58]} {[%emt 00:00:06]} Kd7 {[%clk 00:27:41]} {[%emt
00:00:13]} 45. h4 {[%emt 00:00:06]} Ke8 {[%clk 00:27:37]} {[%emt 00:00:32]} 46.
Ke6 {[%clk 00:41:44]} {[%emt 00:00:09]} Kf8 {[%clk 00:28:00]} {[%emt 00:00:07]}
47. Kd7 {[%clk 00:42:08]} {[%emt 00:00:06]} Kg7 {[%clk 00:28:26]} {[%emt
00:00:04]} 48. e6 {[%clk 00:42:34]} {[%emt 00:00:04]} Kg6 {[%clk 00:27:52]}
{[%emt 00:01:04]} 49. e7 {[%clk 00:42:56]} {[%emt 00:00:08]} 1-0